| 000 | 02292nam a22003737a 4500 | ||
|---|---|---|---|
| 001 | 101043 | ||
| 003 | KnowledgeUnlatched | ||
| 005 | 20210303105249.0 | ||
| 006 | m o d | ||
| 007 | cr u|||||||||| | ||
| 008 | 210129p20162019gw o u00| u eng d | ||
| 037 | _5BiblioBoard | ||
| 245 | 0 | 0 |
_aConfucian Role Ethics _bA Moral Vision for the 21st Century? / _cHenry Rosemont, Roger T. Ames. |
| 020 | _a9783737006057 | ||
| 024 | 8 | _a10.14220/9783737006057 | |
| 029 | 1 | _ahttps://library.biblioboard.com/ext/api/media/75263a8d-8368-431e-b42c-6004e97e59ae/assets/thumbnail.jpg | |
| 040 |
_aScCtBLL _cScCtBLL |
||
| 506 | 0 |
_aAccess copy available to the general public. _fUnrestricted _2star |
|
| 700 | 1 |
_aRosemont, Henry _eeditor. |
|
| 700 | 1 |
_aAmes, Roger T. _eeditor. |
|
| 264 | 1 | _bV&R unipress GmbH, | |
| 300 | _a1 online resource (180 p.) | ||
| 520 | _aThe essays collected in this volume establish Confucian role ethics as a term of art in the contemporary ethical discourse. The holistic philosophy presented here is grounded in the primacy of relationality and a narrative understanding of person, and is a challenge to a foundational liberal individualism that has defined persons as discrete, autonomous, rational, free, and often self-interested agents. Confucian role ethics begins from a relationally constituted conception of person, takes family roles and relations as the entry point for developing moral competence, invokes moral imagination and the growth in relations that it can inspire as the substance of human morality, and entails a human-centered, atheistic religiousness that stands in sharp contrast to the Abrahamic religions. | ||
| 588 | 0 | _aDescription based on print version record. | |
| 590 | _aKU Select 2017: Backlist Collection | ||
| 650 | 7 |
_aPhilosophy / Eastern _2bisacsh |
|
| 650 | 0 | _aPhilosophy | |
| 655 | 0 | _aElectronic books. | |
| 758 |
_iIs found in: _aKnowledge Unlatched _1https://openresearchlibrary.org/module/2774bc74-146a-484f-a7ba-ab1d6a09bbfb |
||
| 856 | 4 | 0 |
_uhttps://openresearchlibrary.org/content/75263a8d-8368-431e-b42c-6004e97e59ae _zView this content on Open Research Library. _70 |
| 999 |
_c34009 _d34009 |
||